Tiere mit P - Statistiken

Allgemein
  • Dieses Quiz wurde 90 mal gespielt
    43 seit der letzten Aktualisierung
  • Das Durchschnittsergebnis liegt bei 8 aus 16
Antwortstatistiken
Hint Antwort % Korrekt
Vogel Papagei
78%
Säugetier Panda
75%
Vogel Pinguin
69%
Vogel Pelikan
67%
Säugetier Panther
64%
Vogel Pfau
64%
Säugetier Pferd
64%
Säugetier Puma
58%
Säugetier Pavian
44%
Fisch Piranha
44%
Reptil Python
39%
Säugetier Pottwal
36%
Säugetier Pudel
36%
Amphibie Pfeilgiftfrosch
17%
Vogel Papageientaucher
14%
Fisch Petermännchen
0%
Keine übereinstimmenden Quizze gefunden
Verteilung der Resultate
Anzahl Personen mit jedem Resultat
Perzentil nach korrekt beantworteten Fragen
Ihre Resultats-Entwicklung
Sie haben dieses Quiz seit der letzten Aktualisierung nicht gespielt